000 00325nam a2200133Ia 4500
008 180315s9999||||xx |||||||||||||| ||und||
082 _aQs 604
_bSCH
100 _aSchoerwolf,Garye.
245 0 _aLarsen's Human Embrylogy
_cSchoerwolf,Garye.
250 _a5th
260 _aChina
_bElsevier
_c2015
300 _a532
942 _cBK
999 _c8322
_d8322